00213nam a2200097Ia 4500008004100000245001700041260001100058300002100069440001600090521000900106140626s9999 xx 000 0 und d aWhat's New / cc2012. a57 : 11, page 85 aHR Magazine aBSBA